Normal view MARC view

Entry Personal Name

Number of records used in: 1

001 - CONTROL NUMBER

  • control field: 8640

003 - CONTROL NUMBER IDENTIFIER

  • control field: DLC

005 - DATE AND TIME OF LATEST TRANSACTION

  • control field: 20210706101910.0

008 - FIXED-LENGTH DATA ELEMENTS

  • fixed length control field: 000815n| acannaabn |n aaa

010 ## - LIBRARY OF CONGRESS CONTROL NUMBER

  • LC control number: n 00005077

040 ## - CATALOGING SOURCE

  • Original cataloging agency: DLC
  • Language of cataloging: eng
  • Transcribing agency: DLC

100 1# - HEADING--PERSONAL NAME

  • Personal name: Young, David C.,
  • Dates associated with a name: 1964-

670 ## - SOURCE DATA FOUND

  • Source citation: Computational chemistry, 2001:
  • Information found: CIP t.p. (David C. Young) data sheet (b. Oct. 12, 1964)

Powered by Koha